| 000 | 00618nam a2200205Ii 4500 | ||
|---|---|---|---|
| 001 | 10489 | ||
| 003 | CO-ViMGA | ||
| 008 | 241108s9999||||xx |||||||||||||| ||und|| | ||
| 020 | _a9589610579 | ||
| 040 |
_aCO-ViMGA _bspa _erda _cCO-ViMGA |
||
| 041 | 0 | _aunk | |
| 082 | 0 | 4 | _a796.62 R432ci |
| 245 | 1 | 0 |
_aBicicross y ciclomontañismo: _bReseña y reglamento |
| 264 | 1 | _a[Lugar de publicación no identificado] : Coldeportes, 1998 | |
| 300 | _avolumen | ||
| 336 |
_atext _btxt _2rdacontent |
||
| 337 |
_aunmediated _bn _2rdamedia |
||
| 338 |
_avolume _bnc _2rdacarrier |
||
| 940 | _aidficha_siabuc: 10237. -- ficha_no_siabuc:10489 | ||
| 999 |
_c56652 _d56652 |
||